[Event "World Youth Boys U16 2014"]
[Site "Durban RSA"]
[Date "2014.09.22"]
[Round "4.11"]
[White "Taylor, Adam C"]
[Black "Vorontsov, Pavlo"]
[Result "1/2-1/2"]
[BlackTitle "FM"]
[WhiteElo "2023"]
[BlackElo "2397"]
[WhiteFideId "424668"]
[BlackFideId "14116367"]
[EventDate "2014.09.20"]

1. c4 e6 2. g3 d5 3. Bg2 dxc4 4. Na3 Bxa3 5. bxa3 Nc6 6. Bb2 Nf6 7. Qc2 O-O 8.
Qxc4 e5 9. Bxc6 Be6 10. Qh4 bxc6 11. Nf3 Bd5 12. Bxe5 Bxf3 13. Bxf6 gxf6 14.
exf3 Qd3 15. Qxf6 Rfe8+ 16. Kd1 Qb5 17. Qc3 Rab8 18. Rc1 Qa4+ 19. Qc2 Qxa3 20.
Qxc6 Re6 21. Qc3 Qa4+ 22. Qc2 Qa3 23. Qc3 Qa4+ 24. Qc2 Qd4 25. Re1 Qxf2 26. Rxe6
Qxf3+ 27. Re2 Qf1+ 28. Re1 Qf3+ 29. Re2 Re8 30. Qc4 Qf1+ 31. Kc2 Qxe2 32. Qxe2
Rxe2 33. Rh1 h5 34. Kd3 Rg2 35. Ke3 a6 36. a4 Kg7 37. d3 Rc2 38. h3 Kg6 39. Rf1
Rh2 40. h4 Rg2 41. Kf3 Rc2 42. Ke3 Ra2 43. Rf4 Rg2 44. Kf3 Rd2 45. Ke3 Ra2 46.
Rc4 f6 47. Ke4 Rg2 48. Kf3 Rd2 49. Ke3 Ra2 50. Ke4 Rg2 51. Kf3 Rd2 52. Ke4 a5
53. Ke3 1/2-1/2

[Event "World Youth Boys U16 2014"]
[Site "Durban RSA"]
[Date "2014.09.22"]
[Round "4.12"]
[White "Rakotomaharo, Fy Antenaina"]
[Black "Lien, Kjell Hakon"]
[Result "0-1"]
[WhiteTitle "CM"]
[WhiteElo "2286"]
[BlackElo "2004"]
[WhiteFideId "13100050"]
[BlackFideId "1510444"]
[EventDate "2014.09.20"]

1. d4 d5 2. c4 e6 3. Nc3 Nf6 4. cxd5 exd5 5. Bg5 Bb4 6. Qb3 Nc6 7. e3 h6 8. Bxf6
Qxf6 9. Qxd5 Be6 10. Qf3 Qg6 11. Qd1 O-O-O 12. Ne2 Rhe8 13. Nf4 Qg5 14. Nxe6
Rxe6 15. Bc4 Rxe3+ 16. fxe3 Qxe3+ 17. Be2 Nxd4 18. Kf1 Qf4+ 19. Bf3 Nf5 20. Qa4
Qc4+ 21. Ne2 Ne3+ 22. Kf2 Qc5 23. Rhc1 Nd1+ 24. Kg3 Qg5+ 25. Bg4+ f5 26. Rxc7+
Kxc7 27. Qc2+ Kb8 28. Qxf5 Be1+ 0-1

[Event "World Youth Boys U16 2014"]
[Site "Durban RSA"]
[Date "2014.09.22"]
[Round "4.13"]
[White "Goncalves, Ruan Lucas Alves"]
[Black "Rodriguez, Adrien"]
[Result "0-1"]
[WhiteElo "1960"]
[BlackElo "2284"]
[WhiteFideId "2148030"]
[BlackFideId "20691866"]
[EventDate "2014.09.20"]

1. e4 c5 2. Nf3 d6 3. d4 cxd4 4. Nxd4 Nf6 5. Nc3 a6 6. Bg5 e6 7. f4 Nbd7 8. Qf3
h6 9. Bh4 Be7 10. O-O-O Qc7 11. Bd3 g5 12. fxg5 Ne5 13. Qe2 Nfg4 14. h3 hxg5 15.
Bg3 Nf6 16. Rhf1 g4 17. hxg4 Nfxg4 18. Rh1 Rg8 19. Nf3 Qc5 20. Bxe5 Nxe5 21. Rh7
Bf6 22. Nxe5 Qxe5 23. Kb1 Bd7 24. Rf1 Be7 25. Nd1 Rg3 26. c3 0-1

[Event "World Youth Boys U16 2014"]
[Site "Durban RSA"]
[Date "2014.09.22"]
[Round "4.14"]
[White "Isaev, Chingys"]
[Black "Kaczur, Florian"]
[Result "0-1"]
[WhiteElo "1957"]
[BlackElo "2278"]
[WhiteFideId "13801660"]
[BlackFideId "705098"]
[EventDate "2014.09.20"]

1. d4 Nf6 2. c4 e6 3. Nc3 Bb4 4. Qc2 O-O 5. a3 Bxc3+ 6. Qxc3 b6 7. Nf3 Bb7 8. g3
d6 9. Bg2 Nbd7 10. O-O Rc8 11. Rd1 Qe7 12. b3 c5 13. dxc5 Nxc5 14. Bg5 Nce4 15.
Bxf6 Nxf6 16. b4 Rfd8 17. a4 Qc7 18. a5 Ne4 19. Qa3 b5 20. cxb5 0-1

[Event "World Youth Boys U16 2014"]
[Site "Durban RSA"]
[Date "2014.09.22"]
[Round "4.16"]
[White "Sosa, Tomas ARG"]
[Black "Ait Abbas, Yacine"]
[Result "1-0"]
[WhiteElo "2275"]
[BlackElo "1853"]
[WhiteFideId "121576"]
[BlackFideId "7904150"]
[EventDate "2014.09.20"]

1. e4 c6 2. d4 d5 3. Nc3 Nf6 4. e5 Nfd7 5. Bd3 e6 6. Nce2 c5 7. c3 Nc6 8. Nf3
Be7 9. O-O a6 10. Nf4 b5 11. Be3 cxd4 12. cxd4 Nb4 13. Bb1 Nb6 14. Ne1 Nc4 15.
Bc1 g6 16. b3 Nb6 17. Ned3 a5 18. Qe2 Bd7 19. Nxb4 Bxb4 20. Bd3 Bc3 21. Bb2 Bxb2
22. Qxb2 O-O 23. Qe2 b4 24. Qg4 Kh8 25. Rae1 f5 26. Qg3 Qe7 27. Rc1 Rfc8 28.
Qxg6 hxg6 29. Nxg6+ Kg7 30. Nxe7 Rxc1 31. Rxc1 Kf7 32. Nc6 Rc8 33. Bb5 Na8 34.
Rc5 Nb6 35. Na7 Rxc5 36. dxc5 Bxb5 37. cxb6 Ba6 38. f4 Ke8 39. Nc6 Kd7 40. Nb8+ 1-0

[Event "World Youth Boys U16 2014"]
[Site "Durban RSA"]
[Date "2014.09.22"]
[Round "4.17"]
[White "Subramaniam, Shreyes"]
[Black "Wu, Christopher"]
[Result "0-1"]
[WhiteElo "1813"]
[BlackElo "2274"]
[WhiteFideId "5707153"]
[BlackFideId "2040875"]
[EventDate "2014.09.20"]

1. e4 c5 2. Nf3 d6 3. d4 cxd4 4. Nxd4 Nf6 5. Nc3 a6 6. Be3 e5 7. Nb3 Be6 8. Be2
Be7 9. O-O O-O 10. f4 exf4 11. Bxf4 Nc6 12. Bf3 Rc8 13. Nd5 Bxd5 14. exd5 Ne5
15. Kh1 Nfd7 16. Nd4 Bg5 17. Bxe5 Nxe5 18. b3 Rc3 19. Ne2 Re3 20. Nd4 Re8 21. c4
Rd3 22. Qc2 Rxd4 23. Qc3 Rd3 24. Qc2 Re3 25. Be4 g6 26. Rae1 Ng4 27. h3 R8xe4
28. Qxe4 Rxe4 29. Rxe4 f5 30. Re6 Ne3 31. Re1 f4 32. b4 Qb6 33. R1xe3 fxe3 34.
a3 Qd4 0-1

[Event "World Youth Boys U16 2014"]
[Site "Durban RSA"]
[Date "2014.09.22"]
[Round "4.18"]
[White "Maguire, Tom"]
[Black "Chandran, Kapil"]
[Result "0-1"]
[WhiteElo "1810"]
[BlackElo "2229"]
[WhiteFideId "3221385"]
[BlackFideId "2034077"]
[EventDate "2014.09.20"]

1. d4 Nf6 2. c4 e6 3. Nf3 c5 4. Nc3 cxd4 5. Nxd4 a6 6. Bg5 b6 7. e4 d6 8. Be2
Bb7 9. Bf3 Nbd7 10. Qa4 Be7 11. Nc6 Bxc6 12. Qxc6 O-O 13. Be2 Nc5 14. Bxf6 Bxf6
15. Rd1 Be5 16. Na4 Rc8 17. Qxb6 Nxa4 18. Qxa6 Nc5 19. Qa3 Ra8 20. Qe3 Bxb2 21.
O-O e5 22. Rd2 Ra3 23. Rxb2 Rxe3 24. fxe3 Qg5 25. Rf3 Nxe4 26. Rb7 Nc5 27. Ra7
e4 28. Rf4 Qe5 29. g3 Qc3 30. Bh5 Qxe3+ 31. Kg2 g6 0-1

[Event "World Youth Boys U16 2014"]
[Site "Durban RSA"]
[Date "2014.09.22"]
[Round "4.19"]
[White "Satre, Mathias"]
[Black "Litvinov, Maxim"]
[Result "0-1"]
[WhiteElo "1795"]
[BlackElo "2211"]
[WhiteFideId "1513648"]
[BlackFideId "24157449"]
[EventDate "2014.09.20"]

1. e4 e5 2. Nf3 Nc6 3. Bb5 a6 4. Ba4 Nf6 5. O-O Be7 6. Re1 b5 7. Bb3 d6 8. c3
O-O 9. h3 Nb8 10. d4 Nbd7 11. Nbd2 Bb7 12. Bc2 Re8 13. a4 Bf8 14. Bd3 c6 15. b3
Qc7 16. Bb2 Rad8 17. Qc2 g6 18. Rad1 Bg7 19. Qb1 Nh5 20. Bf1 Nf4 21. Qa1 Ne6 22.
c4 Nxd4 23. Nxd4 exd4 24. Bxd4 Bxd4 25. Qxd4 bxa4 26. bxa4 c5 27. Qc3 Re7 28.
Qg3 Ne5 29. Nb1 Nc6 30. Nc3 Nd4 31. Rd2 Rde8 32. Qd3 f5 33. f3 fxe4 34. fxe4 Re5
35. g3 Qe7 36. Bg2 Rg5 37. Rf1 Qe5 38. Kh2 h5 39. Ne2 h4 40. Nxd4 Rxg3 41. Nf3
Rxf3+ 0-1

[Event "World Youth Boys U16 2014"]
[Site "Durban RSA"]
[Date "2014.09.22"]
[Round "4.20"]
[White "Li, Di"]
[Black "Kolver, Chris"]
[Result "1-0"]
[WhiteTitle "FM"]
[WhiteElo "2192"]
[BlackElo "1751"]
[WhiteFideId "8607508"]
[BlackFideId "14307820"]
[EventDate "2014.09.20"]

1. d4 d5 2. c4 c6 3. cxd5 cxd5 4. Bf4 Nc6 5. e3 Nf6 6. Nc3 a6 7. Rc1 Bf5 8. Nf3
e6 9. Qb3 Ra7 10. Ne5 Nxe5 11. Bxe5 Nd7 12. Be2 f6 13. Bg3 Be7 14. O-O Bg6 15.
e4 Qb6 16. exd5 Qxb3 17. axb3 e5 18. dxe5 fxe5 19. d6 Bf6 20. Nd5 Bf7 21. Rc8+ 1-0

[Event "World Youth Boys U16 2014"]
[Site "Durban RSA"]
[Date "2014.09.22"]
[Round "4.22"]
[White "Van Foreest, Jorden"]
[Black "Mayed, Al-Rashedi"]
[Result "1-0"]
[WhiteTitle "FM"]
[BlackTitle "FM"]
[WhiteElo "2457"]
[BlackElo "1859"]
[WhiteFideId "1039784"]
[BlackFideId "9303871"]
[EventDate "2014.09.20"]

1. e4 c5 2. Nf3 Nc6 3. Nc3 g6 4. d4 cxd4 5. Nxd4 Bg7 6. Be3 Nf6 7. Bc4 O-O 8.
O-O d6 9. f3 Qa5 10. Bb3 Nxd4 11. Bxd4 Be6 12. Qd2 b5 13. a3 a6 14. Rfd1 Rfc8
15. Qe3 Qc7 16. Bxe6 fxe6 17. e5 Nd5 18. Nxd5 exd5 19. exd6 Qxd6 20. Bxg7 Kxg7
21. c3 Qc5 22. Rd4 Re8 23. Qe5+ Kf7 24. Qxd5+ Qxd5 25. Rxd5 Rac8 26. Rad1 Rc6
27. Kf2 Rec8 28. g4 Rc4 29. h4 R4c5 30. Rxc5 Rxc5 31. Rd8 h5 32. gxh5 Rxh5 33.
Rd4 Rc5 34. Ke3 Kf6 35. a4 Re5+ 36. Re4 Rd5 37. Rf4+ Kg7 38. axb5 axb5 39. b4
Rh5 40. Ke4 e6 41. Rg4 Kf6 42. f4 Rh8 43. Rg5 Rb8 44. h5 gxh5 45. Rxh5 Rc8 46.
Rc5 Rb8 47. Rc6 Rh8 48. Kd4 Rh4 49. Kc5 Rxf4 50. Kxb5 Ke7 51. c4 Kd7 52. Rc5 Kd6
53. Rh5 e5 54. c5+ Kd5 55. c6 Kd6 56. Rh6+ Kc7 57. Rh7+ Kc8 58. Kc5 1-0

[Event "World Youth Boys U16 2014"]
[Site "Durban RSA"]
[Date "2014.09.22"]
[Round "4.25"]
[White "Chen, Junhong"]
[Black "Xu, Xiangyu"]
[Result "0-1"]
[WhiteElo "1846"]
[BlackElo "2133"]
[WhiteFideId "8613931"]
[BlackFideId "8608288"]
[EventDate "2014.09.20"]

1. d4 f5 2. c4 Nf6 3. Nc3 g6 4. Nf3 Bg7 5. g3 d6 6. Bg2 O-O 7. O-O Nc6 8. Re1 e5
9. d5 Ne7 10. b4 h6 11. Bb2 g5 12. e3 Ng6 13. Qc2 Bd7 14. c5 Qe7 15. c6 bxc6 16.
dxc6 Be6 17. Rad1 Qf7 18. Qb1 Ne7 19. Nd2 Qh5 20. f4 Ng6 21. Nf1 Rae8 22. Nb5
Re7 23. fxe5 dxe5 24. a3 Kh8 25. Qc2 Ref7 26. Qc5 a6 27. Nc3 f4 28. exf4 gxf4
29. gxf4 Ng4 30. h3 Nxf4 31. hxg4 Qxg4 32. Rd2 Nh3+ 33. Kh1 Rf2 34. Rxf2 Rxf2
35. Ne3 Qh4 0-1

[Event "World Youth Boys U16 2014"]
[Site "Durban RSA"]
[Date "2014.09.22"]
[Round "4.27"]
[White "Nassr, Ahmed"]
[Black "Sidabras, Ignas"]
[Result "1-0"]
[WhiteElo "1965"]
[BlackElo "1842"]
[WhiteFideId "7904860"]
[BlackFideId "12806030"]
[EventDate "2014.09.20"]

1. d4 f5 2. Nf3 Nf6 3. Bf4 g6 4. e3 Bg7 5. c4 d6 6. Nc3 O-O 7. Be2 Na6 8. O-O c5
9. Qb3 Nh5 10. Nd5 Nxf4 11. Nxf4 e6 12. Rfd1 Nc7 13. Bf1 Rb8 14. Qa3 Bd7 15. Rd2
g5 16. Nh5 g4 17. Ne1 Qe8 18. Nxg7 Kxg7 19. Rad1 Rf7 1-0

[Event "World Youth Boys U16 2014"]
[Site "Durban RSA"]
[Date "2014.09.22"]
[Round "4.28"]
[White "Song, Edward"]
[Black "Ali, Abdulaziz"]
[Result "1-0"]
[WhiteElo "2323"]
[BlackElo "1740"]
[WhiteFideId "2051192"]
[BlackFideId "9304347"]
[EventDate "2014.09.20"]

1. e4 e5 2. Nf3 Nc6 3. Bb5 a6 4. Ba4 Nf6 5. d3 b5 6. Bb3 Bb7 7. O-O Be7 8. Re1
O-O 9. Nbd2 Na5 10. Nxe5 Nxb3 11. Nxb3 Re8 12. Nf3 h6 13. h3 Bf8 14. Bf4 Rc8 15.
a4 c6 16. Qe2 Ra8 17. axb5 cxb5 18. Nfd4 Qb6 19. Nf5 d5 20. e5 Nd7 21. d4 Qg6
22. Nh4 Qb6 23. Bg3 Rac8 24. Kh2 Rc4 25. Nf5 Qg6 26. Ne3 Rec8 27. f4 Qe4 28. Na5
Ba8 29. f5 h5 30. Rf1 h4 31. Bf4 f6 32. e6 Nb6 33. Rae1 1-0

[Event "World Youth Boys U16 2014"]
[Site "Durban RSA"]
[Date "2014.09.22"]
[Round "4.29"]
[White "Petr, Jan2"]
[Black "Lynch, Justin"]
[Result "1-0"]
[WhiteElo "2140"]
[BlackElo "1689"]
[WhiteFideId "345784"]
[BlackFideId "14310120"]
[EventDate "2014.09.20"]

1. e4 c5 2. Nf3 e6 3. b3 d6 4. Bb2 Nc6 5. d4 cxd4 6. Nxd4 e5 7. Nxc6 bxc6 8. Bd3
Nf6 9. O-O Be7 10. Nd2 O-O 11. Qe2 Bg4 12. f3 Be6 13. f4 Bg4 14. Qf2 exf4 15.
Qxf4 Qd7 16. Nf3 Nh5 17. Qd2 d5 18. Ne5 Bc5+ 19. Kh1 Qe6 20. exd5 cxd5 21. Qg5
Nf6 22. Nxg4 Qxg4 23. Bxf6 1-0

[Event "World Youth Boys U16 2014"]
[Site "Durban RSA"]
[Date "2014.09.22"]
[Round "4.30"]
[White "Zayan, Mohamed"]
[Black "Forster, James Connor Christophe"]
[Result "1-0"]
[WhiteTitle "FM"]
[WhiteElo "2125"]
[BlackElo "1687"]
[WhiteFideId "10609989"]
[BlackFideId "14309343"]
[EventDate "2014.09.20"]

1. e4 c6 2. d4 d5 3. Nc3 dxe4 4. Nxe4 Bf5 5. Ng3 Bg6 6. h4 h6 7. Nf3 Nd7 8. h5
Bh7 9. Bd3 Bxd3 10. Qxd3 Ngf6 11. Bd2 e6 12. O-O-O Bd6 13. Ne4 Nxe4 14. Qxe4 Nf6
15. Qe2 O-O 16. Ne5 Qc7 17. g4 Nh7 18. f4 c5 19. dxc5 Bxc5 20. g5 hxg5 21. fxg5
Bd6 22. Nxf7 Rac8 23. Bc3 Qxf7 24. g6 Qf4+ 25. Bd2 Qf5 26. gxh7+ Kxh7 27. Bc3
Bf4+ 28. Kb1 e5 29. Qg2 b6 30. Rdg1 Rc7 31. Rh4 Rd7 32. Qg6+ Kh8 33. a3 Bh6 34.
Qg3 Bf4 35. Qg2 Rfd8 36. Qg6 1-0

[Event "World Youth Boys U16 2014"]
[Site "Durban RSA"]
[Date "2014.09.22"]
[Round "4.31"]
[White "Suta, Andraz"]
[Black "Roos, Lucas"]
[Result "0-1"]
[WhiteElo "2063"]
[BlackElo "1684"]
[WhiteFideId "14613190"]
[BlackFideId "14308673"]
[EventDate "2014.09.20"]

1. e4 e6 2. d4 d5 3. Nc3 Nf6 4. Bd3 Bb4 5. Bg5 c5 6. e5 cxd4 7. exf6 dxc3 8.
fxg7 cxb2+ 9. Kf1 Bc3 10. Bb5+ Nc6 11. Rb1 Qxg5 12. gxh8=Q+ Bxh8 13. Ne2 Qe7 14.
c3 Qc5 15. Rxb2 Bxc3 16. Qc2 d4 17. Nxc3 dxc3 18. Rb3 Qd5 19. Qxc3 Ke7 20. Qd3
Nd4 21. Bc4 Qe5 22. Rb1 a5 23. a4 Rb8 24. Re1 Qc5 25. Kg1 Bd7 26. Ra1 Rc8 27.
Rc1 b5 28. axb5 Bxb5 29. Bxb5 Qxc1+ 30. Qf1 0-1

[Event "World Youth Boys U16 2014"]
[Site "Durban RSA"]
[Date "2014.09.22"]
[Round "4.32"]
[White "Modi, Sachin"]
[Black "Tuomainen, Felix"]
[Result "0-1"]
[WhiteTitle "CM"]
[WhiteElo "1676"]
[BlackElo "2042"]
[WhiteFideId "14304589"]
[BlackFideId "1720813"]
[EventDate "2014.09.20"]

1. e4 c6 2. Nf3 d5 3. Nc3 Bg4 4. h3 Bxf3 5. Qxf3 e6 6. g3 Nd7 7. Bg2 Ne5 8. Qd1
d4 9. Nb1 d3 10. O-O Bc5 11. Nc3 Nf6 12. Na4 Be7 13. b3 b5 14. Nb2 Qd4 15. c3
Qb6 16. Kh2 h5 17. f4 Neg4+ 18. Kh1 Nf2+ 19. Rxf2 Qxf2 20. Nxd3 Qxg3 21. Qf3
Qxf3 22. Bxf3 Rd8 23. Ne5 Rc8 24. d4 Nd7 25. Nd3 c5 26. Bd2 cxd4 27. cxd4 Rc2
28. Be1 g5 29. Bd1 Rc8 30. Kg2 Nf6 31. e5 Nd5 32. Kf3 Rg8 33. Ke4 Nxf4 34. Nxf4
gxf4 35. Kxf4 h4 36. Be2 Rb8 37. Ke4 Rg1 38. Kf3 Bb4 39. Kf2 Rxe1 0-1

[Event "World Youth Boys U16 2014"]
[Site "Durban RSA"]
[Date "2014.09.22"]
[Round "4.35"]
[White "Whatley, Stephen A J"]
[Black "Abdulla, Al-Hamed"]
[Result "1-0"]
[WhiteElo "1881"]
[BlackElo "1674"]
[WhiteFideId "420441"]
[BlackFideId "9302328"]
[EventDate "2014.09.20"]

1. e4 e5 2. Nf3 Nc6 3. Bc4 Bc5 4. c3 Nf6 5. d3 a6 6. Bb3 Ba7 7. Nbd2 O-O 8. h3
d5 9. Qe2 dxe4 10. dxe4 Qe7 11. Nf1 Be6 12. Ng3 Bxb3 13. axb3 Qe6 14. b4 Ne7 15.
O-O Ng6 16. Nf5 Nf4 17. Bxf4 exf4 18. Rfe1 Rfe8 19. Ng5 Qe5 20. Qc4 Rf8 21. Nf3
Qe6 22. Qxc7 Nxe4 23. N3d4 Bxd4 24. Nxd4 Qd5 25. Qxf4 Nd6 26. Re5 1-0

[Event "World Youth Boys U16 2014"]
[Site "Durban RSA"]
[Date "2014.09.22"]
[Round "4.40"]
[White "Cortes Orihuela, Javier"]
[Black "Deyzel, Walt"]
[Result "1-0"]
[WhiteTitle "FM"]
[WhiteElo "2216"]
[BlackElo "1692"]
[WhiteFideId "3414329"]
[BlackFideId "14312271"]
[EventDate "2014.09.20"]

1. d4 Nf6 2. c4 e6 3. g3 d5 4. Nf3 Be7 5. Bg2 O-O 6. O-O dxc4 7. Qc2 a6 8. Qxc4
b5 9. Qc2 Bb7 10. Bd2 Be4 11. Qc1 Nbd7 12. Ba5 Ra7 13. Nbd2 Bd5 14. Re1 Ne4 15.
Nxe4 Bxe4 16. Qe3 Bd5 17. Qd3 f5 18. Rec1 Qb8 19. Qe3 c6 20. Nd2 Qd6 21. Nb3 f4
22. Qc3 Qb8 23. Bb4 Bxb4 24. Qxb4 e5 25. Bxd5+ cxd5 26. Na5 Rc7 27. Nc6 Qb7 28.
Ne7+ Kh8 29. Rxc7 Qxc7 30. Nxd5 Qc6 31. Ne7 Qf6 32. dxe5 Qf7 33. Rf1 fxg3 34.
hxg3 Re8 35. Nc6 Nxe5 36. Nxe5 Rxe5 37. Qd2 Qe7 38. Rd1 Qe8 39. e3 h6 40. Qd8
Qxd8 41. Rxd8+ Kh7 42. Ra8 Re6 43. g4 g5 44. Kg2 Kg7 45. Kf3 Kf6 46. Rc8 Ke7 47.
Ke2 Rf6 48. Rc2 Rd6 49. f3 Rd5 50. Kf2 a5 51. e4 Rd1 52. Ke3 1-0

[Event "World Youth Boys U16 2014"]
[Site "Durban RSA"]
[Date "2014.09.23"]
[Round "5.1"]
[White "Aravindh, Chithambaram VR."]
[Black "Pichot, Alan"]
[Result "1-0"]
[WhiteTitle "IM"]
[BlackTitle "IM"]
[WhiteElo "2496"]
[BlackElo "2452"]
[WhiteFideId "5072786"]
[BlackFideId "110973"]
[EventDate "2014.09.20"]

1. e4 c5 2. b3 b6 3. Bb2 Bb7 4. Nc3 e6 5. Nf3 d6 6. d4 cxd4 7. Qxd4 Nc6 8. Bb5
a6 9. Bxc6+ Bxc6 10. O-O-O Nf6 11. Rhe1 Be7 12. Ba3 Rc8 13. Bxd6 Bxd6 14. Qxd6
Qxd6 15. Rxd6 Ke7 16. Rd3 Bb7 17. Nd2 Rc7 18. Kb2 Ng4 19. Rg3 h5 20. h3 Ne5 21.
f4 Ng6 22. f5 h4 23. Rge3 Ne5 24. fxe6 Kxe6 25. Nd5 Rd7 26. Nf3 Nxf3 27. Rxf3 b5
28. c4 f6 29. Kc3 Re8 30. Kd4 Kd6 31. Ree3 Re5 32. Rf4 Rg5 33. Re2 Rh5 34. a4
bxc4 35. bxc4 Bc6 36. Rb2 Rb7 37. Rxb7 Bxb7 38. Rg4 Rh7 39. Rg6 Ke6 40. Nf4+ Kf7
41. e5 fxe5+ 42. Kxe5 Rh8 43. Rb6 Re8+ 44. Kd6 Be4 45. Rxa6 g5 46. Ra7+ Kf6 47.
Nd5+ Kg6 48. Ne3 Bf3 49. Re7 1-0

[Event "World Youth Boys U16 2014"]
[Site "Durban RSA"]
[Date "2014.09.23"]
[Round "5.2"]
[White "Karthikeyan, Murali"]
[Black "Maslov, Ivan"]
[Result "1-0"]
[WhiteTitle "IM"]
[WhiteElo "2462"]
[BlackElo "2095"]
[WhiteFideId "5074452"]
[BlackFideId "24169820"]
[EventDate "2014.09.20"]

1. e4 c6 2. c4 d5 3. cxd5 cxd5 4. exd5 Nf6 5. Qa4+ Nbd7 6. Nc3 g6 7. Nf3 Bg7 8.
Bc4 O-O 9. Qb3 Nb6 10. d3 Bg4 11. Nd2 Qc7 12. O-O Bf5 13. h3 Rfd8 14. Re1 h5 15.
Nf3 Rac8 16. Nb5 Qb8 17. Be3 Nbxd5 18. Bxa7 Qf4 19. Be3 Nxe3 20. Bxf7+ Kf8 21.
Rxe3 Rxd3 22. Rxd3 Bxd3 23. Qxd3 Kxf7 24. Qb3+ Ke8 25. Re1 Rc1 26. Nd6+ Kd7 27.
Qe6+ 1-0

[Event "World Youth Boys U16 2014"]
[Site "Durban RSA"]
[Date "2014.09.23"]
[Round "5.3"]
[White "Gazik, Viktor"]
[Black "Sibashvili, Giorgi"]
[Result "1/2-1/2"]
[WhiteTitle "FM"]
[WhiteElo "2315"]
[BlackElo "2335"]
[WhiteFideId "14928752"]
[BlackFideId "13602799"]
[EventDate "2014.09.20"]

1. e4 e6 2. d4 d5 3. Nd2 Nf6 4. e5 Nfd7 5. c3 c5 6. f4 b6 7. Ndf3 Ba6 8. Bxa6
Nxa6 9. Ne2 Be7 10. h4 h5 11. Be3 g6 12. Ng5 b5 13. a3 c4 14. g4 hxg4 15. Ng3
Qa5 16. Kf2 Bxg5 17. fxg5 O-O-O 18. Qxg4 Qa4 19. Rae1 Nab8 20. Re2 Nc6 21. Kg2
Ne7 22. Rf2 Rh7 23. h5 gxh5 24. Rxh5 Rdh8 25. Rxf7 Rxh5 26. Nxh5 Nf5 27. Rxf5
exf5 28. Qxf5 Rxh5 29. e6 Qd1 30. exd7+ Kd8 31. Qf6+ 1/2-1/2

[Event "World Youth Boys U16 2014"]
[Site "Durban RSA"]
[Date "2014.09.23"]
[Round "5.4"]
[White "Mousavi, Seyed Khalil"]
[Black "Sanal, Vahap"]
[Result "1/2-1/2"]
[WhiteTitle "FM"]
[BlackTitle "IM"]
[WhiteElo "2348"]
[BlackElo "2473"]
[WhiteFideId "12511099"]
[BlackFideId "6300545"]
[EventDate "2014.09.20"]

1. Nf3 Nf6 2. c4 b6 3. g3 Bb7 4. Bg2 e6 5. O-O g6 6. d4 Bg7 7. Qc2 O-O 8. Nc3 d5
9. cxd5 Nxd5 10. Nxd5 Bxd5 11. Bf4 Na6 12. Rac1 c5 13. Qa4 Qc8 14. Ne5 b5 15.
Qxb5 Rb8 16. Qa4 Rb4 17. Qa3 Rxd4 18. Nf3 Rb4 19. b3 Qb7 20. Ne1 Qb6 21. Nd3 Rb5
22. Be5 f6 23. Bc3 Rf7 24. Nb2 Bxg2 25. Kxg2 Nb4 26. Nc4 Qc6+ 27. Kg1 Nd5 28.
Qa4 Rc7 29. Rfd1 h5 30. e4 Nb6 31. Nxb6 Qxb6 32. Rd8+ Kh7 33. Qc4 Qa6 34. Rcd1
Rb6 35. R8d7 Qxc4 36. bxc4 Rxd7 37. Rxd7 e5 38. Rxa7 Rb1+ 39. Kg2 Rc1 40. Ra3
Rc2 41. h4 Bh6 42. Kf3 Bc1 43. Ra7+ Kh6 44. Ba5 Bb2 45. Be1 Bd4 46. Rf7 f5 47.
exf5 Rxa2 48. f6 g5 49. Kg2 gxh4 50. gxh4 e4 51. Kf1 Kg6 52. Re7 Kxf6 53. Rxe4
Rc2 54. Kg2 Kf5 55. Kf3 Be5 56. Ke3 Ra2 57. f3 Rg2 58. Kd3 Ra2 59. Bd2 Ra3+ 60.
Ke2 Ra2 61. Kd3 Ra3+ 62. Ke2 Rb3 63. Be3 Bd6 64. Re8 Rb2+ 65. Kd3 Rb3+ 66. Ke2
Rb2+ 67. Kd3 Rb3+ 68. Kd2 Rb2+ 69. Kd3 Rb3+ 70. Kc2 Ra3 71. Kb2 Rd3 72. Kc2 Ra3
73. Kb2 Rd3 74. Kc2 Ra3 75. Kd2 Ra2+ 76. Kd3 Ra3+ 77. Kd2 Ra2+ 78. Kd3 Ra3+ 79.
Kd2 Ra2+ 80. Kd3 Ra3+ 81. Kd2 Ra2+ 82. Kd3 Ra3+ 83. Kd2 Ra2+ 1/2-1/2

[Event "World Youth Boys U16 2014"]
[Site "Durban RSA"]
[Date "2014.09.23"]
[Round "5.6"]
[White "Bellahcene, Bilel"]
[Black "Kumaran, B"]
[Result "1-0"]
[WhiteTitle "FM"]
[WhiteElo "2428"]
[BlackElo "2239"]
[WhiteFideId "696358"]
[BlackFideId "5038472"]
[EventDate "2014.09.20"]

1. d4 Nf6 2. c4 e6 3. g3 d5 4. Nf3 Be7 5. Bg2 O-O 6. O-O dxc4 7. Ne5 Nc6 8. Nxc6
bxc6 9. Na3 Bxa3 10. bxa3 Nd5 11. Qa4 Nb6 12. Qxc6 Rb8 13. Qc5 Bb7 14. e4 Qd7
15. Bf4 Rbc8 16. Rfd1 Qa4 17. Rac1 Rfd8 18. Rd2 Ba6 19. d5 Nd7 20. Qb4 Qxb4 21.
axb4 Nf6 22. a4 Bb7 23. Bg5 Re8 24. Bxf6 gxf6 25. h4 f5 26. dxe6 fxe4 27. exf7+
Kxf7 28. Rd7+ Kg6 29. Rxc4 e3 30. fxe3 Bxg2 31. Kxg2 Rxe3 32. Rcxc7 Rxc7 33.
Rxc7 Re4 34. Rb7 a5 35. bxa5 Rxa4 36. Ra7 h5 37. Ra8 Kg7 38. a6 Ra5 39. Kf3 Rf5+
40. Ke4 Rf6 41. Kd5 Rf5+ 42. Kc4 Rf6 43. Kb4 Kh7 44. Kc5 Kg7 45. Kd5 Rf5+ 46.
Ke6 Rf6+ 47. Ke5 Rb6 48. Ra7+ Kg6 49. Re7 Rb5+ 50. Kd6 Rb6+ 51. Kd5 Kf5 52. a7
Ra6 53. Kc5 Kg4 54. Rg7+ Kf3 55. Kb5 Ra1 56. Kb6 Rb1+ 57. Kc7 Ra1 58. Kb8 Rb1+
59. Rb7 Ra1 1-0

[Event "World Youth Boys U16 2014"]
[Site "Durban RSA"]
[Date "2014.09.23"]
[Round "5.7"]
[White "Chandran, Kapil"]
[Black "Ali Marandi, Cemil Can"]
[Result "0-1"]
[BlackTitle "IM"]
[WhiteElo "2229"]
[BlackElo "2408"]
[WhiteFideId "2034077"]
[BlackFideId "6300529"]
[EventDate "2014.09.20"]

1. e4 e6 2. d4 d5 3. Nc3 Nf6 4. Bg5 dxe4 5. Nxe4 Be7 6. Bxf6 gxf6 7. Nf3 f5 8.
Nc3 a6 9. Qe2 Qd6 10. O-O-O Nd7 11. d5 e5 12. g3 b5 13. Kb1 e4 14. Nd4 Nb6 15.
a3 Nc4 16. Ncxb5 axb5 17. Nxb5 Nxa3+ 18. Nxa3 O-O 19. Qe3 Bd7 20. Bc4 Rfb8 21.
Bb3 Bf6 22. Rd4 c5 23. Rdd1 Rxa3 24. bxa3 c4 25. Qf4 Be5 26. Qg5+ Kh8 27. Ka2
Ba4 28. Rb1 cxb3+ 29. cxb3 Qxd5 30. Qe3 Bb5 31. f4 Bf6 32. g4 Bd3 33. gxf5 Bxb1+
34. Rxb1 Rc8 35. Rc1 Rxc1 36. Qxc1 e3 0-1